00883nam a22002297a 450000500170000001000130001702000210003003500130005103700160006404000120008008200170009210000270010924500460013626000360018227000560021830000290027465000540030365000580035794200260041599900190044195201930046020170124110049.0 aB-060775 c00.00a817625193 aB-060775 bCen Lib/Ret aDPLbEN a658.404bKRI aKrishna Chandra925115 aProject management /cby Krishna Chandra aNew DelhibSarup and Sonsc2001 a4740/23, Ansari Road, Darya GanjbNew Delhie110002 a180p. : c21cmHb)bill. aBUSINESS & ECONOMICS -- Project Management925116 aTECHNOLOGY & ENGINEERING -- Project Management925117 2ddccENh658.404mKRI c129016d129016 04104070aLbLd2015-07-04eCen Lib/Ret g0.00l0o658.404 KRIpB-060775r2015-07-04 00:00:00t1v0.00w2015-07-04yENzWritten off on approval by DLB (By Circulation); dtd 15-06-2023